| 000 | 01715nam a22004577a 4500 | ||
|---|---|---|---|
| 001 | 000096543 | ||
| 003 | CHAP | ||
| 005 | 20220329143200.0 | ||
| 008 | 061121d2006 mx r 00110 spa d | ||
| 010 | _a93009 | ||
| 011 | _a93981 | ||
| 035 | _a104564 | ||
| 040 | _cCHAP | ||
| 090 | _aTesis | ||
| 100 | 1 |
_aCarlos Marcelo, Rufina _918988 |
|
| 245 | 1 | 0 |
_aContenido de nitrógeno total en chile manzano (Capsicum pubescens R. y P.) y su relación con rendimiento y caracteres morfológicos / _c/por Rufina Carlos Marcelo y Antelma Hernández Hernández. |
| 260 |
_aChapingo, Méx. : _bEl autor, _c2006. |
||
| 300 | _a62 h. | ||
| 502 | _aTesis (Ing. Agr. Esp. en Fitotecnia) - - UACH. Departamento de Fitotecnia | ||
| 590 |
_aALEPH _b10 _c20130110 _lUCH01 _h1514 |
||
| 590 |
_aBATCH-UPD _b10 _c20130110 _lUCH01 _h0556 |
||
| 590 |
_aBATCH-UPD _b10 _c20130410 _lUCH01 _h0238 |
||
| 590 |
_aBATCH-UPD _b10 _c20130914 _lUCH01 _h0845 |
||
| 590 |
_aBATCH-UPD _b10 _c20140324 _lUCH01 _h1459 |
||
| 590 |
_aBATCH-UPD _b10 _c20141002 _lUCH01 _h0832 |
||
| 590 |
_aBATCH _b00 _c20181121 _lUCH01 _h0759 |
||
| 590 |
_aCONVERSION _b10 _c20130109 _lUCH01 _h1351 |
||
| 590 |
_aE792CSJ _b10 _c20130606 _lUCH01 _h1407 |
||
| 650 | 1 | 4 |
_aChile manzano _xRendimiento. _922465 |
| 650 | 1 | 4 |
_aNitrógeno _xEfecto en chile manzano. _981425 |
| 650 | 1 | 4 |
_aPlantas _xNutrición. _988874 |
| 700 | 1 |
_aHernández Hernández, Antelma. _954115 |
|
| 856 |
_3Finding aid _uhttp://10.13.5.2/tesis/104564.pdf _zTeclea aquí |
||
| 856 |
_a1 _n0001288 |
||
| 901 | _aBK | ||
| 905 | _aLilia | ||
| 942 | _cCD | ||
| 942 | _n0 | ||
| 949 |
_aTesis _bBC _cTES _d33724002005603 _eTS2 _fc.2 _h45945 _i104564 _sb |
||
| 949 |
_aTesis _bBC _cTES _d33724002006248 _eTS1 _h45944 _i104564 _sb |
||
| 999 |
_c93009 _d93009 |
||